CW Villains (Slideshow) (I) Quiz Stats

 Plays Quiz not verified by Sporcle

Score 0/50 Timer 10:00
0 Plays Today
% Correct
Deadshot
93.2%
Gorilla Grodd
73.5%
Doctor Light
72.1%
Killer Frost
72.1%
Dark Archer
70.1%
Nyssa Al Ghul
67.3%
Bronze Tiger
66.7%
Vandal Savage
65.3%
Captain Boomerang
64.6%
Zoom
64.6%
Reverse Flash
63.3%
Bizarro
61.2%
Golden Glider
61.2%
Clock King
58.5%
Amanda Waller
57.1%
Pied Piper
56.5%
Brother Blood
56.5%
Indigo
55.1%
Trickster
54.4%
Dollmaker
53.7%
Tar Pit
53.1%
Royal Flush Gang
53.1%
White Martian
51%
China White
50.3%
Livewire
50.3%
% Correct
Calculator
49.7%
Bug-Eyed Bandit
49%
Solomon Grundy
48.3%
Plastique
47.6%
Brick
47.6%
Damien Darhk
47.6%
Atom Smasher
45.6%
General Eiling
44.9%
Girder
44.9%
Komodo
44.2%
Count Vertigo
42.9%
Blackout
42.2%
Trajectory
41.5%
Non
41.5%
Deathbolt
36.7%
Negative Woman
33.3%
Felix Faust
32.7%
Baron Blitzkrieg
32%
Hellgrammite
32%
Tokamak
29.3%
Shadowspire
27.8%
Lady Cop
27.8%
Dodger
25.9%
Papa Midnite
23.1%
Demolition Team
17.7%

You're not logged in!

Compare scores with friends on all Sporcle quizzes.
OR
Log In

Sporcle TV

Today on Sporcle TV


Watch our educational content, quiz creation guides, and fun videos on Sporcle TV.

Show Comments

Extras

Top Quizzes Today


Score Distribution

Your Account Isn't Verified!

In order to create a playlist on Sporcle, you need to verify the email address you used during registration. Go to your Sporcle Settings to finish the process.

Report this User

Report this user for behavior that violates our Community Guidelines.

Details: